<?xml version="1.0" encoding="UTF-8"?>
<record
    xmlns:xsi="http://www.w3.org/2001/XMLSchema-instance"
    xsi:schemaLocation="http://www.loc.gov/MARC21/slim http://www.loc.gov/standards/marcxml/schema/MARC21slim.xsd"
    xmlns="http://www.loc.gov/MARC21/slim">

  <leader>00996nam a2200253   4500</leader>
  <controlfield tag="001">sa 68016458 </controlfield>
  <controlfield tag="003">DLC</controlfield>
  <controlfield tag="005">20260227112654.0</controlfield>
  <controlfield tag="008">700629s1965    pk            00010 eng  </controlfield>
  <datafield tag="010" ind1=" " ind2=" ">
    <subfield code="a">sa 68016458 </subfield>
  </datafield>
  <datafield tag="025" ind1=" " ind2=" ">
    <subfield code="a">PL480:P-E-1222</subfield>
  </datafield>
  <datafield tag="050" ind1="0" ind2=" ">
    <subfield code="a">HD1481.P4</subfield>
    <subfield code="b">R5</subfield>
  </datafield>
  <datafield tag="082" ind1=" " ind2=" ">
    <subfield code="a">333.3/35</subfield>
  </datafield>
  <datafield tag="100" ind1="1" ind2="0">
    <subfield code="a">Rizvi, S. M. Z.</subfield>
  </datafield>
  <datafield tag="245" ind1="1" ind2=" ">
    <subfield code="a">Consolidation of holdings;</subfield>
    <subfield code="b">a study of the process of consolidation of agricultural holdings in selected villages in Peshawar District</subfield>
    <subfield code="c">[by] S. M. Z. Rizvi, M. A. Sabzwari [and] C. M. Sharif.</subfield>
  </datafield>
  <datafield tag="260" ind1="0" ind2=" ">
    <subfield code="a">Peshawar,</subfield>
    <subfield code="b">Pakistan Academy for Rural Development</subfield>
    <subfield code="c">[1965]</subfield>
  </datafield>
  <datafield tag="300" ind1=" " ind2=" ">
    <subfield code="a">vi, 158 p.</subfield>
    <subfield code="c">25 cm.</subfield>
  </datafield>
  <datafield tag="350" ind1=" " ind2=" ">
    <subfield code="a">5.00</subfield>
  </datafield>
  <datafield tag="490" ind1="1" ind2=" ">
    <subfield code="a">Research publication series, report, no. 10</subfield>
  </datafield>
  <datafield tag="650" ind1=" " ind2="0">
    <subfield code="a">Consolidation of land holdings</subfield>
    <subfield code="z">Peshawar (District)</subfield>
  </datafield>
  <datafield tag="700" ind1="1" ind2="0">
    <subfield code="a">Sabzwari, M. A.,</subfield>
    <subfield code="e">joint author.</subfield>
  </datafield>
  <datafield tag="700" ind1="1" ind2="0">
    <subfield code="a">Sharif, C. M.,</subfield>
    <subfield code="e">joint author.</subfield>
  </datafield>
  <datafield tag="810" ind1="1" ind2=" ">
    <subfield code="a">Peshawar (City).</subfield>
    <subfield code="b">Academy for Rural Development.</subfield>
    <subfield code="t">Research publications series, report</subfield>
    <subfield code="v">no. 10</subfield>
  </datafield>
  <datafield tag="999" ind1=" " ind2=" ">
    <subfield code="c">87109</subfield>
    <subfield code="d">87109</subfield>
  </datafield>
</record>
